<?xml version="1.0" encoding="UTF-8"?><?xml-stylesheet type="text/xsl" href="static/style.xsl"?><OAI-PMH xmlns="http://www.openarchives.org/OAI/2.0/" xmlns:xsi="http://www.w3.org/2001/XMLSchema-instance" xsi:schemaLocation="http://www.openarchives.org/OAI/2.0/ http://www.openarchives.org/OAI/2.0/OAI-PMH.xsd"><responseDate>2026-04-17T05:36:50Z</responseDate><request verb="GetRecord" identifier="oai:www.recercat.cat:10459.1/83854" metadataPrefix="marc">https://recercat.cat/oai/request</request><GetRecord><record><header><identifier>oai:recercat.cat:10459.1/83854</identifier><datestamp>2024-12-05T22:05:55Z</datestamp><setSpec>com_2072_3622</setSpec><setSpec>col_2072_479130</setSpec></header><metadata><record xmlns="http://www.loc.gov/MARC21/slim" xmlns:dcterms="http://purl.org/dc/terms/" xmlns:xsi="http://www.w3.org/2001/XMLSchema-instance" xmlns:doc="http://www.lyncode.com/xoai" xsi:schemaLocation="http://www.loc.gov/MARC21/slim http://www.loc.gov/standards/marcxml/schema/MARC21slim.xsd">
   <leader>00925njm 22002777a 4500</leader>
   <datafield ind2=" " ind1=" " tag="042">
      <subfield code="a">dc</subfield>
   </datafield>
   <datafield ind2=" " ind1=" " tag="720">
      <subfield code="a">González González, María Jesús</subfield>
      <subfield code="e">author</subfield>
   </datafield>
   <datafield ind2=" " ind1=" " tag="720">
      <subfield code="a">Vallejo Pascual, María Eva</subfield>
      <subfield code="e">author</subfield>
   </datafield>
   <datafield ind2=" " ind1=" " tag="260">
      <subfield code="c">2022-09-22T13:31:10Z</subfield>
   </datafield>
   <datafield ind2=" " ind1=" " tag="260">
      <subfield code="c">2022-09-22T13:31:10Z</subfield>
   </datafield>
   <datafield ind2=" " ind1=" " tag="260">
      <subfield code="c">2022</subfield>
   </datafield>
   <datafield ind2=" " ind1=" " tag="520">
      <subfield code="a">El estudio de las dinámicas de población y vivienda es una cuestión fundamental&#xd;
a la hora entender los diversos fenómenos urbanísticos que afectan tanto a una&#xd;
ciudad como a los municipios de su área de influencia, crecimientos relativos que han&#xd;
sido especialmente elevados en las últimas décadas en las ciudades medias españolas.&#xd;
El trabajo presentado plantea cómo analizar de manera detallada estos crecimientos,&#xd;
teniendo en cuenta que su evaluación global para el período 1981-2011 puede ocultar&#xd;
comportamientos en períodos intercensales que resulten decisivos para comprender el&#xd;
desarrollo urbanístico de la ciudad y/o sus municipios. Planteada la metodología, basada&#xd;
en el cálculo de tasas medias anuales de variación, en la construcción de gráficos&#xd;
de dispersión y mapas de calor o heatmaps, se toma como ejemplo la ciudad de León y&#xd;
los municipios situados en un radio de 30 kilómetros. La interpretación de resultados&#xd;
pone de manifiesto dinámicas que explican los desarrollos urbanos de municipios como&#xd;
San Andrés del Rabanedo o Villaquilambre, pero también otros menos evidentes, como&#xd;
Santovenia de la Valdoncina o Villaturiel, lo que demuestra la utilidad de la metodología&#xd;
planteada para identificar lo que podrían denominarse municipios de «interés urbanístico&#xd;
relevante».</subfield>
   </datafield>
   <datafield ind2=" " ind1=" " tag="520">
      <subfield code="a">The study of population and housing dynamics is relevant for understanding&#xd;
the urban development of the city and their nearest municipalities, due to the high&#xd;
relative growth they have suffered in recent decades, in particular the Spanish mediumsized&#xd;
cities. This study proposes how to analyze the population and housing variations&#xd;
in relative terms, for 10 years periods (as census data), based on the calculation of annual&#xd;
average rates of change, and the construction of scatter plots and heatmaps. The&#xd;
basic idea is that the average annual rates of change for the overall period 1981-2011, in&#xd;
population and housing, may hide behaviors in intermediate periods that become decisive&#xd;
for understanding the urban development of the city and / or its municipalities. For&#xd;
illustrating the proposed methodology, the city of León and the municipalities located&#xd;
in an area up to 30 kilometers, are taken as example. As results, some dynamics related&#xd;
to urban developments of municipalities are revealed: not only for municipalities as San&#xd;
Andrés del Rabanedo or Villaquilambre that are well known, but also for others such as&#xd;
Santovenia de la Valdoncina or Villaturiel less known. As tentative name for them, the&#xd;
name “relevant urbanistic interest” municipalities is proposed.</subfield>
   </datafield>
   <datafield ind1="8" ind2=" " tag="024">
      <subfield code="a">http://hdl.handle.net/10459.1/83854</subfield>
   </datafield>
   <datafield tag="653" ind2=" " ind1=" ">
      <subfield code="a">Dinámicas de población y vivienda</subfield>
   </datafield>
   <datafield tag="653" ind2=" " ind1=" ">
      <subfield code="a">Ciudades medias</subfield>
   </datafield>
   <datafield tag="653" ind2=" " ind1=" ">
      <subfield code="a">Municipios</subfield>
   </datafield>
   <datafield tag="653" ind2=" " ind1=" ">
      <subfield code="a">Mapas de calor</subfield>
   </datafield>
   <datafield tag="653" ind2=" " ind1=" ">
      <subfield code="a">León</subfield>
   </datafield>
   <datafield tag="653" ind2=" " ind1=" ">
      <subfield code="a">Population and housing dynamics</subfield>
   </datafield>
   <datafield tag="653" ind2=" " ind1=" ">
      <subfield code="a">Medium-sized cities</subfield>
   </datafield>
   <datafield tag="653" ind2=" " ind1=" ">
      <subfield code="a">Municipalities</subfield>
   </datafield>
   <datafield tag="653" ind2=" " ind1=" ">
      <subfield code="a">Heatmaps</subfield>
   </datafield>
   <datafield ind2="0" ind1="0" tag="245">
      <subfield code="a">Metodología para el análisis de las dinámicas de población y vivienda de las ciudades medias y los municipios de su área de influencia: el ejemplo de León (1981-2011)</subfield>
   </datafield>
   <datafield ind2="0" ind1="0" tag="245">
      <subfield code="a">Methodology for the analysis of population and housing dynamics of medium-sized cities and municipalities in their area of influence: the example of León (1981-2011)</subfield>
   </datafield>
</record></metadata></record></GetRecord></OAI-PMH>